00750nam a22002537a 4500003000500000005001700005008004100022010001000063011001000073020001500083035001100098040000900109082001700118110007900135245009900214260002500313300002100338490002100359490002400380650002500404650002200429830002100451830002400472CHAP20220329143517.0100419s2000 fr r 00010 eng d a97751 a98723 a9264185313 a109408 cCHAP04a301.35bOc191 aOrganización para la Cooperación y el Desarrollo Económicos. París13aValuing rural amenitiesc/by Organización para la Cooperación y el Desarrollo Económicos aParis :bOECD,c2000 a180 p. :btablas 0aOECD Proceedings 0aTerritorial economy04aCondiciones rurales.04aDesarrollo rural. 0aOECD Proceedings 0aTerritorial economy